Návrh ústavy Európskej únie a Slovenská republika
Návrh európskej ústavy - skladá sa z Preambuly a štyroch častí: ústavné články, Charta základných práv, ustanovenia o vnútorných a vonkajších politikách EÚ, všeobecné a záverečné ustanovenia vrátane protokolov a deklarácií. Postoje SR k európskej ústave. Európska ústava a ďalší vývoj EÚ.
Gespeichert in:
| 1. Verfasser: | |
|---|---|
| Weitere Verfasser: | |
| Format: | Buchkapitel |
| Sprache: | Slowakisch |
| Schlagworte: | |
| Tags: |
Keine Tags, Fügen Sie das erste Tag hinzu!
|
MARC
| LEADER | 00000naa$a2200000$$$4500 | ||
|---|---|---|---|
| 001 | 0011072 | ||
| 005 | 20240502071356.2 | ||
| 041 | 0 | |a slo | |
| 044 | |a SK | ||
| 245 | 1 | 0 | |a Návrh ústavy Európskej únie a Slovenská republika |c aut. Beáta Šaková, Drahoš Šíbl |
| 520 | |a Návrh európskej ústavy - skladá sa z Preambuly a štyroch častí: ústavné články, Charta základných práv, ustanovenia o vnútorných a vonkajších politikách EÚ, všeobecné a záverečné ustanovenia vrátane protokolov a deklarácií. Postoje SR k európskej ústave. Európska ústava a ďalší vývoj EÚ. | ||
| 610 | 2 | 0 | |a Európska únia |
| 610 | 2 | 0 | |a Slovensko |
| 610 | 2 | 0 | |a ústava |
| 100 | 1 | |a Šaková, Beáta | |
| 700 | 1 | |a Šíbl, Drahoš | |